000 00221nam a22000857a 4500
008 160916b xxu||||| |||| 00| 0 eng d
100 _9596
_aRobinson W.T
245 _aThe Time Machine
260 _aUSA
_bFranklin publication
_c2011
999 _c3252
_d3252